Memòria de l'any ... / Associació Protectora de l'Ensenyança Catalana
Descripción Física:
v. ; 22 cm
MARC
| LEADER | 00000nam a2200000Ia 4500 | ||
|---|---|---|---|
| 001 | 10197, 10198, 10199 | ||
| 008 | 160829s9999 xx 000 0 cat d | ||
| 080 | |a E-1-181, E-1-182, E-1-183 | ||
| 110 | 2 | |a Associació Protectora de l'Ensenyança Catalana |9 56179 | |
| 245 | |a Memòria de l'any ... / Associació Protectora de l'Ensenyança Catalana | ||
| 260 | |a Barcelona : |b (Imp. La Renaixença), [s.a.] | ||
| 300 | |a v. ; |c 22 cm | ||
| 590 | |a Hi ha un altre exemplar de 1919 a 3740, exp. 3 amb R. 11648 | ||
| 610 | 2 | 0 | |a Associació Protectora de l'Ensenyança Catalana |v Revistes |9 56180 |
| 866 | |a 1916, 1917, 1919 | ||
| 901 | |a Arxiu | ||
| 942 | |n 1 | ||
| 952 | |0 0 |1 0 |4 0 |6 E1181_E1182_E1183 |7 1 |9 54596 |a Arxiu |b Arxiu |d 2016-12-01 |l 0 |o E-1-181, E-1-182, E-1-183 |p 10197, 10198, 10199 |r 2016-12-01 00:00:00 |w 2016-12-01 |y ARXIU | ||
| 999 | |c 58465 |d 58465 | ||